Úvod ke kursu měnové a finanční soustavy v kapitalistických státech
Guardado en:
| Autor principal: | |
|---|---|
| Autor Corporativo: | |
| Formato: | Libro |
| Lenguaje: | checo |
| Publicado: |
Praha
Státni pedagogické nakladatelství
1983
|
| Edición: | 2. vyd. |
| Etiquetas: |
Sin Etiquetas, Sea el primero en etiquetar este registro!
|
MARC
| LEADER | 00000nam a2200000 4500 | ||
|---|---|---|---|
| 001 | c115910 | ||
| 005 | 20190201111920.1 | ||
| 041 | 0 | |a cze | |
| 044 | |a CZ | ||
| 245 | 1 | 0 | |a Úvod ke kursu měnové a finanční soustavy v kapitalistických státech |c Jiřina Průchová |
| 250 | |a 2. vyd. | ||
| 264 | 1 | |a Praha |b Státni pedagogické nakladatelství |c 1983 | |
| 300 | |a 115 s. | ||
| 100 | 1 | |a Průchová, Jiřina | |
| 710 | 2 | |a Vysoká škola ekonomická v Praze. Národohospodářská fakulta | |